000 00429nam a2200121Ia 4500
008 220620s9999||||xx |||||||||||||| ||und||
100 _aIgor Ya. Pavlinov
245 0 _aResearch in Biodiversity - Models and Applications
546 _aEnglish[eng]
650 _aLife Sciences||Ecosystem||Ecology||Environmental Sciences
856 _uhttps://www.intechopen.com/books/research-in-biodiversity-models-and-applications
942 _cEB
999 _c32509
_d32509